000 00845nam a2200205 a 4500
003 0
005 20250415084755.0
008 970101s19uu xx 00 eng d
050 _aPGS TD 172
_b.G338 2004
100 _aGentilini, Jan Andrea B.
245 _aPerceptions of grade seven students on the effects of pollution Southville International School and Colleges /
_cJan Andrea B. Gentilini.
260 _aLas PiƱas City, Philippines :
_bSouthville International School and Colleges,
_c2004.
300 _a21 pages :
_billustrations ;
_c28 cm.
504 _aIncludes bibliographical references.
650 _aEnvironmental perception
_vGrade 7 students.
650 _aYouth
_vAttitudes toward environmental issues.
650 _aEnvironmental awareness in children.
650 _aEnvironmental education
_vStudents.
942 _2lcc
_cPASS
999 _c96983
_d96983